00576nam a2200169Ia 4500008004100000020001800041082001800059100002300077245007900100250000600179260002200185300001100207500003800218650003800256952009500294999001700389120629s9999 xx 000 0 und d a84-8174-724-6 a615.854 M425n aMatarese, Laura E. aNutricion clínica práctica / Laura E. Matarese, Michele M. Gottschlich a2 aMadrid : Elsevier a802 p. aApéndices e índice alfabetico a1. DIETOTERAPIA \ 2. NUTRICIONÌ 00104070a15b15d2010-07-08l0o615.854 M425Np15 004300r2017-12-07t1w2012-06-28yLB c77198d77198